[Event "DVM U16 2015"]
[Site "Lingen (Ems) GER"]
[Date "2015.12.28"]
[Round "4"]
[White "Ratay, Meike"]
[Black "Reindl, Arno"]
[Result "1-0"]
[Termination "normal"]
[Board "5.2"]
[WhiteElo "1678"]
[BlackElo "1586"]
[WhiteTeam "MTV 1876 Saalfeld"]
[BlackTeam "SG Schwäbisch Gmünd 1872"]
[PlyCount "63"]
[WhiteFideId "12977608"]
[BlackFideId "12946729"]
[EventCountry "GER"]
[EventRounds "7"]
[EventType "team-swiss"]
[EventDate "2015.12.26"]

1. e4 c5 2. Nf3 d6 3. d4 cxd4 4. Nxd4 Nf6 5. Nc3 g6 6. Be2 Bg7 7. Be3 Nc6 8.
O-O O-O 9. Qd2 Ng4 10. Bxg4 Bxg4 11. f3 Bd7 12. Rad1 Ne5 13. b3 Rc8 14. h3 Bc6
15. f4 Nd7 16. Nxc6 Rxc6 17. Nd5 Nc5 18. Bxc5 dxc5 19. Nf6+ Bxf6 20. Qxd8 Bd4+
21. Rxd4 cxd4 22. Qxd4 Rxc2 23. Qxa7 Rd8 24. Rf2 Rc1+ 25. Kh2 h5 26. h4 Rdd1
27. Qxb7 Rh1+ 28. Kg3 Rc3+ 29. Rf3 Rc2 30. a4 Rg1 31. Rf2 Rc3+ 32. Kh2 1-0

[Event "DVM U16 2015"]
[Site "Lingen (Ems) GER"]
[Date "2015.12.28"]
[Round "4"]
[White "Waibel, Christian"]
[Black "Grund, Sebastian"]
[Result "0-1"]
[Termination "normal"]
[Board "5.3"]
[WhiteElo "1565"]
[BlackElo "1778"]
[WhiteTeam "SG Schwäbisch Gmünd 1872"]
[BlackTeam "MTV 1876 Saalfeld"]
[PlyCount "70"]
[WhiteFideId "16217497"]
[BlackFideId "12988626"]
[EventCountry "GER"]
[EventRounds "7"]
[EventType "team-swiss"]
[EventDate "2015.12.26"]

1. e4 c5 2. Nf3 Nc6 3. d4 cxd4 4. Nxd4 g6 5. Be3 Bg7 6. Nc3 Nf6 7. Qd2 O-O 8.
f3 d5 9. Nxc6 bxc6 10. exd5 cxd5 11. Rd1 Bb7 12. Bb5 e5 13. Bc5 Rc8 14. Bxf8
Qxf8 15. Be2 d4 16. Ne4 Bxe4 17. fxe4 Nxe4 18. Qd3 Qb4+ 19. Kf1 f5 20. b3 Bh6
21. g3 Be3 22. Qa6 Qb8 23. Bc4+ Kh8 24. h4 Nxg3+ 25. Kg2 Nh5 26. Rhe1 e4 27.
Kh1 Rf8 28. Qa3 f4 29. Rxe3 fxe3 30. Rxd4 Ng3+ 31. Kg2 Rf2+ 32. Kh3 Qc8+ 33.
Kxg3 Rf3+ 34. Kg2 Qh3+ 35. Kg1 Rg3# 0-1

[Event "DVM U16 2015"]
[Site "Lingen (Ems) GER"]
[Date "2015.12.28"]
[Round "4"]
[White "Grund, Melanie"]
[Black "Reindl, Knut"]
[Result "0-1"]
[Termination "normal"]
[Board "5.4"]
[WhiteElo "1693"]
[BlackElo "1697"]
[WhiteTeam "MTV 1876 Saalfeld"]
[BlackTeam "SG Schwäbisch Gmünd 1872"]
[PlyCount "128"]
[WhiteFideId "12988804"]
[BlackFideId "12946753"]
[EventCountry "GER"]
[EventRounds "7"]
[EventType "team-swiss"]
[EventDate "2015.12.26"]

1. e4 c5 2. Nf3 Nc6 3. d4 cxd4 4. Nxd4 d6 5. Nc3 g6 6. Be2 Bg7 7. Be3 Nf6 8.
O-O O-O 9. f4 Qb6 10. Na4 Qb4 11. c3 Qa5 12. Nxc6 bxc6 13. Bf3 Ba6 14. b4 Qc7
15. Re1 Rfd8 16. Qc2 Nd7 17. Rac1 Nb6 18. Nb2 Nc4 19. Nxc4 Bxc4 20. Bd4 c5 21.
Bxg7 Kxg7 22. a3 Rac8 23. Bg4 Be6 24. f5 Bd7 25. Qd2 Qb6 26. Kh1 Rc7 27. Qg5 f6
28. Qf4 g5 29. Qd2 Rdc8 30. Qd5 cxb4 31. axb4 Rxc3 32. Rxc3 Rxc3 33. Bh5 Qd8
34. g4 Be8 35. Bxe8 Qxe8 36. Kg2 Qc6 37. Qd4 Rc2+ 38. Kg1 Qb6 39. Qxb6 axb6 40.
e5 fxe5 41. Re4 Kf6 42. h3 d5 43. Re1 Rb2 44. Rc1 Rxb4 45. Rc6+ Kf7 46. Rh6 d4
47. Rxh7+ Ke8 48. Rh6 d3 49. Kf2 d2 50. Ke2 Rd4 51. Kd1 b5 52. Ra6 e4 53. Ra3
b4 54. Rb3 Kd7 55. h4 gxh4 56. g5 Ke8 57. Rh3 Rd3 58. Rxh4 e3 59. Rh8+ Kd7 60.
Rh1 b3 61. g6 b2 62. Kc2 d1=Q+ 63. Rxd1 Rxd1 64. Kxb2 Rg1 0-1

[Event "DVM U16 2015"]
[Site "Lingen (Ems) GER"]
[Date "2015.12.28"]
[Round "4"]
[White "Grohmann, Alexander"]
[Black "Rieper, Julian"]
[Result "1/2-1/2"]
[Termination "normal"]
[Board "6.1"]
[WhiteElo "1753"]
[BlackElo "2008"]
[WhiteTeam "FVS ASP Hoyerswerda"]
[BlackTeam "SK Doppelbauer Kiel"]
[PlyCount "55"]
[WhiteFideId "12947679"]
[BlackFideId "12936960"]
[EventCountry "GER"]
[EventRounds "7"]
[EventType "team-swiss"]
[EventDate "2015.12.26"]

1. d4 Nf6 2. c4 e6 3. Nf3 Bb4+ 4. Bd2 Bxd2+ 5. Nbxd2 d5 6. e3 O-O 7. Qc2 Nbd7
8. Bd3 a6 9. a4 dxc4 10. Nxc4 b6 11. O-O c5 12. Nd6 Qe7 13. Nxc8 Rfxc8 14. Qe2
a5 15. Rfc1 e5 16. dxe5 Nxe5 17. Nxe5 Qxe5 18. Rd1 Rd8 19. Rd2 g6 20. Rad1 Kg7
21. h3 Ra7 22. Bc4 Rxd2 23. Rxd2 Ne4 24. Rd5 Qe7 25. Qd3 Nf6 26. Rd6 Rd7 27.
Rxd7 Nxd7 28. Qc3+ 1/2-1/2

[Event "DVM U16 2015"]
[Site "Lingen (Ems) GER"]
[Date "2015.12.28"]
[Round "4"]
[White "Karlisch, Moritz"]
[Black "Rössel, Louis"]
[Result "1-0"]
[Termination "normal"]
[Board "6.2"]
[WhiteElo "1789"]
[BlackElo "1772"]
[WhiteTeam "SK Doppelbauer Kiel"]
[BlackTeam "FVS ASP Hoyerswerda"]
[PlyCount "57"]
[WhiteFideId "12964859"]
[BlackFideId "12966398"]
[EventCountry "GER"]
[EventRounds "7"]
[EventType "team-swiss"]
[EventDate "2015.12.26"]

1. d4 d5 2. c4 e6 3. Nc3 Nf6 4. cxd5 exd5 5. Bg5 Be7 6. e3 O-O 7. Bd3 c6 8. Qc2
h6 9. Bh4 Nbd7 10. Nge2 Re8 11. O-O Nh5 12. Bxe7 Qxe7 13. Rab1 a5 14. a3 Ndf6
15. b4 axb4 16. axb4 Ne4 17. b5 Bd7 18. bxc6 Bxc6 19. Bxe4 dxe4 20. d5 Bd7 21.
Rxb7 Qd6 22. Rfb1 Ra6 23. Qb3 Bg4 24. Qb5 Nf6 25. h3 Bd7 26. Qc4 Re5 27. Ng3
Nxd5 28. Nxd5 Rxd5 29. Rxd7 1-0

[Event "DVM U16 2015"]
[Site "Lingen (Ems) GER"]
[Date "2015.12.28"]
[Round "4"]
[White "Laskow, Vincent"]
[Black "Behringer, Tom"]
[Result "1/2-1/2"]
[Termination "normal"]
[Board "6.3"]
[WhiteElo "1733"]
[BlackElo "1788"]
[WhiteTeam "FVS ASP Hoyerswerda"]
[BlackTeam "SK Doppelbauer Kiel"]
[PlyCount "51"]
[WhiteFideId "12947652"]
[BlackFideId "16203496"]
[EventCountry "GER"]
[EventRounds "7"]
[EventType "team-swiss"]
[EventDate "2015.12.26"]

1. Nf3 Nf6 2. c4 e6 3. g3 d5 4. b3 Be7 5. Bb2 O-O 6. Bg2 c5 7. O-O Nc6 8. a3 b6
9. Qc2 Bb7 10. Rd1 Qc7 11. Nc3 Rac8 12. Rac1 Rfd8 13. cxd5 Nxd5 14. Nxd5 Rxd5
15. d4 Rcd8 16. Ne5 R5d6 17. Nxc6 Bxc6 18. dxc5 Rxd1+ 19. Rxd1 bxc5 20. Rxd8+
Bxd8 21. Bxc6 Qxc6 22. Qc4 a5 23. Qc3 f6 24. Qd2 Qd5 25. Bc3 Qxd2 26. Bxd2
1/2-1/2

[Event "DVM U16 2015"]
[Site "Lingen (Ems) GER"]
[Date "2015.12.28"]
[Round "4"]
[White "Arndt, Magnus"]
[Black "Hassemeier, Mika"]
[Result "1-0"]
[Termination "normal"]
[Board "6.4"]
[WhiteElo "1732"]
[BlackElo "1773"]
[WhiteTeam "SK Doppelbauer Kiel"]
[BlackTeam "FVS ASP Hoyerswerda"]
[PlyCount "39"]
[WhiteFideId "12998656"]
[BlackFideId "12994880"]
[EventCountry "GER"]
[EventRounds "7"]
[EventType "team-swiss"]
[EventDate "2015.12.26"]

1. e4 c5 2. Nf3 e6 3. c3 Nf6 4. Bd3 Nc6 5. Bc2 a6 6. O-O Be7 7. d4 d5 8. e5 Nd7
9. Re1 Qb6 10. b3 cxd4 11. cxd4 Nb4 12. Nc3 Nxc2 13. Qxc2 Nb8 14. Nxd5 exd5 15.
Qxc8+ Bd8 16. Ba3 Qc6 17. Rac1 Qxc8 18. Rxc8 Kd7 19. Rec1 Bb6 20. Rxh8 1-0

[Event "DVM U16 2015"]
[Site "Lingen (Ems) GER"]
[Date "2015.12.28"]
[Round "4"]
[White "Chittka, Julius"]
[Black "Oberhofer, Cédric"]
[Result "1-0"]
[Termination "normal"]
[Board "7.1"]
[WhiteElo "2021"]
[BlackElo "2150"]
[WhiteTeam "VfSuF 1975 Düsseldorf-Süd"]
[BlackTeam "SC Bavaria Regensburg 1881"]
[PlyCount "67"]
[WhiteFideId "12954772"]
[BlackFideId "12941220"]
[EventCountry "GER"]
[EventRounds "7"]
[EventType "team-swiss"]
[EventDate "2015.12.26"]

1. d4 Nf6 2. Nf3 g6 3. c4 Bg7 4. Nc3 d5 5. h4 h6 6. cxd5 Nxd5 7. e4 Nxc3 8.
bxc3 c5 9. Rb1 Nc6 10. d5 Ne5 11. Nxe5 Bxe5 12. Qd2 e6 13. Bb5+ Kf8 14. Ba3 Qc7
15. O-O exd5 16. f4 Bf6 17. exd5 Bf5 18. d6 Qa5 19. Bxc5 Bxb1 20. Rxb1 a6 21.
d7+ Kg7 22. Bd4 Qd8 23. Bc4 b5 24. Bd5 Rb8 25. Re1 Rb6 26. Re8 Qxd7 27. Rxh8
Rd6 28. Bxf6+ Rxf6 29. Qd4 Qe7 30. Qe5 Qc5+ 31. Kh2 Qf2 32. Rg8+ Kxg8 33. Qxf6
Qa7 34. Qxg6+ 1-0

[Event "DVM U16 2015"]
[Site "Lingen (Ems) GER"]
[Date "2015.12.28"]
[Round "4"]
[White "Dechant, Georg"]
[Black "Surguchov, Alexander"]
[Result "1-0"]
[Termination "normal"]
[Board "7.2"]
[WhiteElo "1993"]
[BlackElo "1798"]
[WhiteTeam "SC Bavaria Regensburg 1881"]
[BlackTeam "VfSuF 1975 Düsseldorf-Süd"]
[PlyCount "77"]
[WhiteFideId "12956716"]
[BlackFideId "1272035"]
[EventCountry "GER"]
[EventRounds "7"]
[EventType "team-swiss"]
[EventDate "2015.12.26"]

1. e4 e6 2. d4 d5 3. e5 c5 4. c3 Nc6 5. Nf3 Qb6 6. a3 c4 7. Nbd2 Na5 8. g3 Bd7
9. Bh3 h6 10. O-O O-O-O 11. Re1 Be7 12. Rb1 g5 13. b4 cxb3 14. Nxb3 Ba4 15.
Nfd2 h5 16. Bf1 Kb8 17. Qc2 Rc8 18. Qb2 Bxb3 19. Nxb3 Nxb3 20. Qxb3 Qxb3 21.
Rxb3 Nh6 22. Be2 g4 23. Bd2 Nf5 24. Reb1 b6 25. Bd3 f6 26. Bf4 Kb7 27. exf6
Bxf6 28. a4 Rhe8 29. a5 Bd8 30. Ra1 Bc7 31. Ba6+ Kxa6 32. axb6+ Kb7 33. bxc7+
Kc6 34. Rxa7 Ra8 35. Rxa8 Rxa8 36. Rb8 Ra1+ 37. Kg2 Ne7 38. Re8 h4 39. gxh4 1-0

[Event "DVM U16 2015"]
[Site "Lingen (Ems) GER"]
[Date "2015.12.28"]
[Round "4"]
[White "Gula, Julian"]
[Black "Sammet, Dominik"]
[Result "1-0"]
[Termination "normal"]
[Board "7.3"]
[WhiteElo "1776"]
[BlackElo "1685"]
[WhiteTeam "VfSuF 1975 Düsseldorf-Süd"]
[BlackTeam "SC Bavaria Regensburg 1881"]
[PlyCount "54"]
[WhiteFideId "12954799"]
[BlackFideId "12987875"]
[EventCountry "GER"]
[EventRounds "7"]
[EventType "team-swiss"]
[EventDate "2015.12.26"]

1. d4 Nf6 2. c4 c5 3. d5 e6 4. Nc3 exd5 5. cxd5 d6 6. Nf3 g6 7. e4 Bg7 8. Be2
O-O 9. O-O a6 10. a4 Re8 11. Nd2 Qc7 12. Re1 Nbd7 13. Bf1 Ne5 14. f4 Ned7 15.
Nc4 Nh5 16. e5 dxe5 17. d6 Qd8 18. Nd5 exf4 19. Nc7 Rxe1 20. Qxe1 Bd4+ 21. Kh1
Qg5 22. Nxa8 Qg4 23. Be2 Qe6 24. Bd2 Qf5 25. Ra3 Nhf6 26. Nab6 Ne4 27. Bd3 Ng3+
1-0

[Event "DVM U16 2015"]
[Site "Lingen (Ems) GER"]
[Date "2015.12.28"]
[Round "4"]
[White "Oberhofer, Marie"]
[Black "Schmitz, Fabian"]
[Result "0-1"]
[Termination "normal"]
[Board "7.4"]
[WhiteElo "1602"]
[BlackElo "1634"]
[WhiteTeam "SC Bavaria Regensburg 1881"]
[BlackTeam "VfSuF 1975 Düsseldorf-Süd"]
[PlyCount "68"]
[WhiteFideId "12938165"]
[BlackFideId "12965006"]
[EventCountry "GER"]
[EventRounds "7"]
[EventType "team-swiss"]
[EventDate "2015.12.26"]

1. e4 e6 2. d4 d5 3. e5 c5 4. c3 Qb6 5. Nf3 Bd7 6. a3 Bb5 7. Bxb5+ Qxb5 8. Nbd2
Nc6 9. Qe2 Qb6 10. dxc5 Bxc5 11. b4 Be7 12. Nb3 Nh6 13. O-O Nf5 14. Rd1 O-O 15.
Nbd4 Ncxd4 16. cxd4 Rac8 17. Qd3 Rc4 18. Be3 Rfc8 19. Rdc1 Qa6 20. Rxc4 Rxc4
21. Qd2 Bxb4 22. Qa2 Nxe3 23. fxe3 Be7 24. Qb2 Ra4 25. Rc1 Bxa3 26. Qxa3 b5 27.
Qd6 h6 28. Rc7 Ra1+ 29. Kf2 Qa2+ 30. Kg3 Qb1 31. Qd8+ Kh7 32. Rc8 Qg6+ 33. Kf2
Ra2+ 34. Ke1 Qb1+ 0-1

[Event "DVM U16 2015"]
[Site "Lingen (Ems) GER"]
[Date "2015.12.28"]
[Round "4"]
[White "Philipp, Mathias"]
[Black "Rätzke von Stoyentin, Steffen"]
[Result "0-1"]
[Termination "normal"]
[Board "8.1"]
[WhiteElo "1779"]
[BlackElo "1984"]
[WhiteTeam "SSV Vimaria 91 Weimar"]
[BlackTeam "SC Aurich"]
[PlyCount "70"]
[WhiteFideId "12958883"]
[BlackFideId "12907502"]
[EventCountry "GER"]
[EventRounds "7"]
[EventType "team-swiss"]
[EventDate "2015.12.26"]

1. e4 e5 2. Nf3 Nc6 3. d4 exd4 4. Nxd4 Nf6 5. Nxc6 bxc6 6. e5 Qe7 7. Qe2 Nd5 8.
c4 Ba6 9. Nd2 g6 10. Nf3 Qb4+ 11. Qd2 Bxc4 12. Qxb4 Bxb4+ 13. Bd2 Bxf1 14. Rxf1
Bxd2+ 15. Kxd2 Rb8 16. b3 O-O 17. Rac1 Rfe8 18. Rfe1 Rb6 19. Nd4 Ra6 20. a4 Rb6
21. g3 g5 22. f3 Kh8 23. Re4 Rbb8 24. Re2 Rb4 25. Kd3 h6 26. Re4 Kh7 27. h3 Ne7
28. Rc3 Ng6 29. f4 gxf4 30. gxf4 f5 31. exf6 Rxe4 32. Kxe4 Nxf4 33. Ke5 Rxd4
34. f7 Kg7 35. Rf3 c5 0-1

[Event "DVM U16 2015"]
[Site "Lingen (Ems) GER"]
[Date "2015.12.28"]
[Round "4"]
[White "Neumann, Tiemon"]
[Black "Latka, Richard"]
[Result "0-1"]
[Termination "normal"]
[Board "8.2"]
[WhiteElo "1743"]
[BlackElo "1688"]
[WhiteTeam "SC Aurich"]
[BlackTeam "SSV Vimaria 91 Weimar"]
[PlyCount "52"]
[WhiteFideId "12925462"]
[BlackFideId "24690082"]
[EventCountry "GER"]
[EventRounds "7"]
[EventType "team-swiss"]
[EventDate "2015.12.26"]

1. e4 c5 2. Nf3 Nc6 3. d4 cxd4 4. Nxd4 Nf6 5. Nc3 e5 6. Ndb5 d6 7. Nd5 Nxd5 8.
exd5 Ne7 9. c3 Ng6 10. Qa4 Bd7 11. Qb4 Qb8 12. Qc4 Bxb5 13. Qxb5+ Kd8 14. Be3
f5 15. f3 Be7 16. Bd3 Rf8 17. O-O f4 18. Bf2 Bh4 19. Bxh4+ Nxh4 20. Bxh7 g6 21.
Qd3 Qc7 22. g3 fxg3 23. hxg3 Qb6+ 24. Kh2 Qf2+ 25. Kh3 Qg2+ 26. Kg4 Rf4+ 0-1

[Event "DVM U16 2015"]
[Site "Lingen (Ems) GER"]
[Date "2015.12.28"]
[Round "4"]
[White "Klee, Otto"]
[Black "Henning, Yannick"]
[Result "1-0"]
[Termination "normal"]
[Board "8.3"]
[WhiteElo "1515"]
[BlackElo "1696"]
[WhiteTeam "SSV Vimaria 91 Weimar"]
[BlackTeam "SC Aurich"]
[PlyCount "55"]
[WhiteFideId "16217519"]
[BlackFideId "12930296"]
[EventCountry "GER"]
[EventRounds "7"]
[EventType "team-swiss"]
[EventDate "2015.12.26"]

1. e4 c5 2. Nf3 Nc6 3. Bb5 g6 4. O-O Bg7 5. Re1 e6 6. Bxc6 bxc6 7. e5 f6 8. d3
fxe5 9. Nxe5 Nf6 10. c3 O-O 11. Bg5 d6 12. Nf3 Qb6 13. Qc1 Rb8 14. Re2 e5 15.
Na3 Ba6 16. c4 Rb7 17. Rb1 Nh5 18. Bh6 Nf4 19. Bxf4 Rxf4 20. b3 Re7 21. Nd2 $11
d5 22. Nc2 Bc8 23. Ne3 d4 24. Nef1 Rf8 25. f3 Bh6 26. Qe1 Qc7 27. Ne4 Qb6 28.
Qh4 1-0

[Event "DVM U16 2015"]
[Site "Lingen (Ems) GER"]
[Date "2015.12.28"]
[Round "4"]
[White "Kittelberger, Mattis"]
[Black "Katzschmann, Christian"]
[Result "1-0"]
[Termination "normal"]
[Board "8.4"]
[WhiteElo "1567"]
[BlackElo "1364"]
[WhiteTeam "SC Aurich"]
[BlackTeam "SSV Vimaria 91 Weimar"]
[PlyCount "101"]
[WhiteFideId "12965103"]
[BlackFideId "12983667"]
[EventCountry "GER"]
[EventRounds "7"]
[EventType "team-swiss"]
[EventDate "2015.12.26"]

1. e4 d5 2. exd5 Qxd5 3. Nc3 Qa5 4. Bc4 Nf6 5. d3 Bf5 6. Bd2 c6 7. Qe2 e6 8. h3
Bb4 9. g4 Bg6 10. O-O-O Nbd7 11. f4 O-O-O 12. a3 Bxc3 13. Bxc3 Qc7 14. Qf2 b5
15. Ba2 Rhg8 16. Ne2 Nd5 17. Bxd5 cxd5 18. Nd4 Qc5 19. Qd2 Kb7 20. Nb3 Qd6 21.
Bb4 Qc7 22. Ba5 Nb6 23. Qb4 Rc8 24. Rh2 a6 25. Nd4 Qxf4+ 26. Rhd2 Qc7 27. c3
Qc5 28. Qxc5 Rxc5 29. Bb4 Rcc8 30. Rf2 Rge8 31. h4 e5 32. h5 exd4 33. hxg6 fxg6
34. Rf7+ Rc7 35. Rdf1 Rec8 36. Bd6 Rxf7 37. Rxf7+ Ka8 38. Kc2 dxc3 39. b3 Rc6
40. Be5 a5 41. Bxg7 b4 $11 42. axb4 axb4 43. Rf4 h5 44. Rxb4 h4 45. g5 Rc7 46.
Be5 Re7 47. Bd6 Re6 48. Rxb6 h3 49. Kxc3 h2 50. Rb8+ Ka7 51. Bxh2 1-0

[Event "DVM U16 2015"]
[Site "Lingen (Ems) GER"]
[Date "2015.12.28"]
[Round "4"]
[White "Wulfhorst, Noah"]
[Black "Bauer, Björn-Benny"]
[Result "0-1"]
[Termination "normal"]
[Board "9.1"]
[WhiteElo "1641"]
[BlackElo "2065"]
[WhiteTeam "Gütersloher SV von 1923"]
[BlackTeam "SK Gau-Algesheim"]
[PlyCount "72"]
[WhiteFideId "12964956"]
[BlackFideId "24698741"]
[EventCountry "GER"]
[EventRounds "7"]
[EventType "team-swiss"]
[EventDate "2015.12.26"]

1. e4 c5 2. Nf3 Nc6 3. d4 cxd4 4. Nxd4 Nf6 5. Nc3 e5 6. Ndb5 d6 7. Nd5 Nxd5 8.
exd5 Nb8 9. c4 Be7 10. Bd3 O-O 11. O-O a6 12. Nc3 f5 13. f3 Bg5 14. Kh1 Nd7 15.
b4 Bxc1 16. Rxc1 Qh4 17. Qe1 Qh5 18. Ne2 Nf6 19. Ng3 Qg5 20. c5 Bd7 21. cxd6
Rae8 22. Rc7 e4 23. fxe4 fxe4 24. Nxe4 Nxe4 25. Rxf8+ Kxf8 26. Qf1+ Qf5 27.
Rxd7 Nf2+ 28. Kg1 Qxd7 29. Qxf2+ Kg8 30. Qf4 Rd8 31. Qe4 Qxd6 32. Qxh7+ Kf7 33.
Qe4 Qb6+ 34. Kf1 Qf6+ 35. Kg1 Re8 36. Qc4 b5 0-1

[Event "DVM U16 2015"]
[Site "Lingen (Ems) GER"]
[Date "2015.12.28"]
[Round "4"]
[White "Grieb, Lukas"]
[Black "Pfaffenrot, Daniel"]
[Result "1-0"]
[Termination "normal"]
[Board "9.2"]
[WhiteElo "1853"]
[BlackElo "1603"]
[WhiteTeam "SK Gau-Algesheim"]
[BlackTeam "Gütersloher SV von 1923"]
[PlyCount "45"]
[WhiteFideId "1271993"]
[BlackFideId "12964972"]
[EventCountry "GER"]
[EventRounds "7"]
[EventType "team-swiss"]
[EventDate "2015.12.26"]

1. e4 e5 2. Nf3 Nc6 3. Bc4 Bc5 4. Nc3 Nf6 5. d3 d6 6. Be3 Bb6 7. Qd2 Be6 8. Bb3
Qd7 9. O-O-O Bxb3 10. axb3 O-O-O 11. Nd5 Nxd5 12. exd5 Ne7 13. c4 f5 14. Ng5
Ng6 15. Ne6 Rde8 16. Kc2 Bxe3 17. Qxe3 b6 18. Ra1 Kb7 19. Ra3 Nf8 20. Rha1 Ra8
21. Qf3 Nxe6 22. dxe6+ Qc6 23. Rxa7+ 1-0

[Event "DVM U16 2015"]
[Site "Lingen (Ems) GER"]
[Date "2015.12.28"]
[Round "4"]
[White "Kandler, Philipp"]
[Black "Erlekam, Simon"]
[Result "0-1"]
[Termination "normal"]
[Board "9.3"]
[WhiteElo "1511"]
[BlackElo "1802"]
[WhiteTeam "Gütersloher SV von 1923"]
[BlackTeam "SK Gau-Algesheim"]
[PlyCount "47"]
[WhiteFideId "16200772"]
[BlackFideId "12921416"]
[EventCountry "GER"]
[EventRounds "7"]
[EventType "team-swiss"]
[EventDate "2015.12.26"]

1. e4 c5 2. Nc3 Nc6 3. f4 e6 4. Nf3 d5 5. Bb5 a6 6. Bxc6+ bxc6 7. d3 Nf6 8. O-O
Be7 9. Qe1 O-O 10. Qg3 Re8 11. Qh3 e5 12. f5 Qc7 13. Bg5 Bb7 14. Qg3 Nh5 15.
Qf2 Bxg5 16. Nxg5 Qe7 17. Qh4 Nf6 18. Rf3 c4 19. Raf1 cxd3 20. cxd3 Rad8 21.
Nxh7 Nxh7 22. f6 Nxf6 23. Rxf6 Rd6 24. Qg5 0-1

[Event "DVM U16 2015"]
[Site "Lingen (Ems) GER"]
[Date "2015.12.28"]
[Round "4"]
[White "Breitenbach, Justin"]
[Black "Qiu, Oliver"]
[Result "0-1"]
[Termination "normal"]
[Board "9.4"]
[WhiteElo "1456"]
[BlackElo "1497"]
[WhiteTeam "SK Gau-Algesheim"]
[BlackTeam "Gütersloher SV von 1923"]
[PlyCount "64"]
[WhiteFideId "12971383"]
[BlackFideId "16200713"]
[EventCountry "GER"]
[EventRounds "7"]
[EventType "team-swiss"]
[EventDate "2015.12.26"]

1. e4 e5 2. Nf3 Nc6 3. Bc4 Bc5 4. d3 h6 5. O-O Nf6 6. Be3 Bb6 7. c3 O-O 8. Nbd2
d5 9. exd5 Nxd5 10. Bxb6 Nxb6 11. Bb3 Qxd3 12. Re1 Bg4 13. Re3 Qd6 14. Qe1 Rfe8
15. h3 Bh5 16. Ne4 Qe7 17. Rd1 Kh8 18. Ng3 Bg6 19. Qe2 a5 20. Bc2 Bxc2 21. Qxc2
Nc4 22. Re4 Nd6 23. Rg4 e4 24. Nd4 Nxd4 25. Rxd4 f5 26. Rf4 Rf8 27. Rd5 Qe6 28.
Qd2 g5 29. Qd4+ $11 Kh7 30. Nh5 Qg6 31. Rdxf5 Nxf5 32. Qd7+ Rf7 0-1

[Event "DVM U16 2015"]
[Site "Lingen (Ems) GER"]
[Date "2015.12.28"]
[Round "4"]
[White "Gschnitzer, Adrian"]
[Black "Greiving, Felix"]
[Result "1-0"]
[Termination "normal"]
[Board "10.1"]
[WhiteElo "2126"]
[BlackElo "1796"]
[WhiteTeam "SV 1947 Walldorf"]
[BlackTeam "SV Lingen"]
[PlyCount "77"]
[WhiteFideId "1270337"]
[BlackFideId "12967548"]
[EventCountry "GER"]
[EventRounds "7"]
[EventType "team-swiss"]
[EventDate "2015.12.26"]

1. e4 c5 2. Nf3 Nc6 3. d4 cxd4 4. Nxd4 Nf6 5. Nc3 d6 6. Bg5 Qb6 7. Nb3 e6 8.
Bxf6 gxf6 9. Qd2 a6 10. f4 Bd7 11. O-O-O O-O-O 12. g3 Kb8 13. Bg2 Be7 14. Rhe1
Na5 15. Nxa5 Qxa5 16. Kb1 Rc8 17. e5 d5 18. Ne2 Qb6 19. c3 Ba4 20. Rc1 Qf2 21.
Qd4 Bc2+ 22. Kxc2 Qxg2 23. exf6 Bc5 24. Qe5+ Ka8 25. Kb1 Qxh2 26. f5 Rhe8 27.
Nd4 exf5 28. Qxf5 Qxg3 29. Rxe8 Rxe8 30. Qxh7 Qg6+ 31. Qxg6 fxg6 32. f7 Rc8 33.
Re1 Kb8 34. Re8 Bd6 35. Ne6 b6 36. f8=Q Bxf8 37. Rxc8+ Kxc8 38. Nxf8 g5 39. Kc2
1-0

[Event "DVM U16 2015"]
[Site "Lingen (Ems) GER"]
[Date "2015.12.28"]
[Round "4"]
[White "Möller, Hannah"]
[Black "Färber, David"]
[Result "0-1"]
[Termination "normal"]
[Board "10.2"]
[WhiteElo "1743"]
[BlackElo "2000"]
[WhiteTeam "SV Lingen"]
[BlackTeam "SV 1947 Walldorf"]
[PlyCount "70"]
[WhiteFideId "1270514"]
[BlackFideId "12971294"]
[EventCountry "GER"]
[EventRounds "7"]
[EventType "team-swiss"]
[EventDate "2015.12.26"]

1. c4 e5 2. g3 Nf6 3. Bg2 Nc6 4. Nc3 Bb4 5. e3 Bxc3 6. dxc3 O-O 7. Nf3 d6 8.
O-O h6 9. b4 Re8 10. a4 Be6 11. Nd2 Qd7 12. Re1 Bh3 13. Bh1 e4 14. Qc2 Qg4 15.
Ba3 Ne5 16. Qd1 Qf5 17. Bg2 g5 18. Qe2 Bg4 19. Qf1 h5 20. h3 Bf3 21. Bxf3 exf3
22. Nb3 Ne4 23. Bb2 Qe6 24. Nd4 Qd7 25. Red1 f5 26. Nb5 Kh7 27. c5 h4 28. Kh2
hxg3+ 29. fxg3 Qg7 30. cxd6 Qh6 31. Bc1 Nxg3 32. Kxg3 Qh4+ 33. Kh2 Ng4+ 34. Kh1
Nf2+ 35. Kh2 g4 0-1

[Event "DVM U16 2015"]
[Site "Lingen (Ems) GER"]
[Date "2015.12.28"]
[Round "4"]
[White "Baureis, Julian"]
[Black "Baars, Nico"]
[Result "1/2-1/2"]
[Termination "normal"]
[Board "10.3"]
[WhiteElo "1664"]
[BlackElo "1409"]
[WhiteTeam "SV 1947 Walldorf"]
[BlackTeam "SV Lingen"]
[PlyCount "40"]
[WhiteFideId "12991112"]
[BlackFideId "16213718"]
[EventCountry "GER"]
[EventRounds "7"]
[EventType "team-swiss"]
[EventDate "2015.12.26"]

1. d4 Nf6 2. c4 g6 3. Nc3 Bg7 4. e4 O-O 5. Nf3 c6 6. Be2 d5 7. cxd5 cxd5 8. e5
Ne4 9. Qb3 Nxc3 10. Qxc3 Bg4 11. h3 Bxf3 12. Bxf3 e6 13. Bf4 Nc6 14. O-O Qb6
15. Rfd1 Rfc8 16. Rac1 Rc7 17. Qb3 Qxb3 18. axb3 Rac8 19. Kf1 a6 20. Be2 Bf8
1/2-1/2

[Event "DVM U16 2015"]
[Site "Lingen (Ems) GER"]
[Date "2015.12.28"]
[Round "4"]
[White "Sehring, Niklas"]
[Black "Brede, Robert"]
[Result "0-1"]
[Termination "normal"]
[Board "10.4"]
[WhiteElo "1164"]
[BlackElo "1448"]
[WhiteTeam "SV Lingen"]
[BlackTeam "SV 1947 Walldorf"]
[PlyCount "116"]
[WhiteFideId "16213610"]
[BlackFideId "12971405"]
[EventCountry "GER"]
[EventRounds "7"]
[EventType "team-swiss"]
[EventDate "2015.12.26"]

1. Nf3 c5 2. g3 Nc6 3. d4 cxd4 4. Nxd4 Nf6 5. Bg2 Qc7 6. Nf3 g6 7. O-O Bg7 8.
c4 d6 9. Nc3 Be6 10. b3 Ne4 11. Nb5 Qc8 12. Nbd4 O-O 13. Bb2 Bh3 14. Nxc6 bxc6
15. Bxg7 Kxg7 16. Qd4+ Nf6 17. Ng5 Bxg2 18. Kxg2 Qf5 19. Nf3 Qe4 20. Qxe4 Nxe4
21. Nd4 Rac8 22. f3 Nf6 23. Rfe1 e5 24. Nc2 d5 25. Ne3 d4 26. Nc2 c5 27. Rad1
Rfd8 28. Rd3 Nh5 29. e3 Re8 30. exd4 exd4 31. Rxe8 Rxe8 32. Kf2 a5 33. a3 Rc8
34. b4 cxb4 35. axb4 axb4 36. Nxd4 Rxc4 37. Nb3 Kf6 38. Re3 Ng7 39. Re4 Rxe4
40. fxe4 Ke5 41. Ke3 Ne6 42. Nd2 Nc5 43. Nc4+ Ke6 44. Nd2 b3 45. Kd4 Kd6 46.
Kc4 f6 47. Kd4 g5 48. Kc4 Kc6 49. Kd4 b2 50. Ke3 Kb5 51. Nb1 Kb4 52. Kd4 Na4
53. Kd3 Kb3 54. h3 Ka2 55. Kc2 Nc5 56. Nd2 Nxe4 57. Nb1 Nxg3 58. Nc3+ Ka1 0-1